| 000 | 00637nam a22002057a 4500 | ||
|---|---|---|---|
| 005 | 20110929110351.0 | ||
| 010 | _aG-001649 | ||
| 020 |
_c575.00 _a9788183564939 |
||
| 035 | 1 | d | _aG-001649 |
| 037 | _bGift | ||
| 082 | _a331.110954 | ||
| 245 | E |
_aStatus of unorganised labour / _cedited by A. Selva Kumar |
|
| 260 |
_aNew Delhi _bDiscovery Publishing House _c2009 |
||
| 270 |
_a4831/24, Ansari Road, Darya Gnaj _bNew Delhi _e110002 |
||
| 300 |
_a203p. _c22cm(Hb) |
||
| 500 | _aIncludes index | ||
| 700 |
_aSelva Kumar, A. _935028 |
||
| 942 |
_2ddc _cEN _h331.110954 _mSTA |
||
| 999 |
_c57137 _d57137 |
||